书目信息 |
| 题名: |
显示器原理与维修
|
|
| 作者: | 李上林 , 王娜 , 王晋东 , 李上林 编著 | |
| 分册: | ||
| 出版信息: | 北京 国防工业出版社 2004.10 |
|
| 页数: | 236页 | |
| 开本: | 26cm | |
| 丛书名: | ||
| 单 册: | ||
| 中图分类: | TP364.1 | |
| 科图分类: | ||
| 主题词: | 微型计算机--显示器--理论 , 微型计算机--显示器--维修 | |
| 电子资源: | ||
| ISBN: | 7-118-03599-8 | |
| 000 | 01230nam0 2200289 450 | |
| 001 | 0167302109 | |
| 005 | 20050925153755.17 | |
| 010 | @a7-118-03599-8@dCNY25.00 | |
| 100 | @a20050113d2004 km y0chiy0120 ea | |
| 101 | 0 | @achi |
| 102 | @aCN@b110000 | |
| 105 | @aa a 000yy | |
| 200 | 1 | @a显示器原理与维修@Axian shi qi yuan li yu wei xiu@f李上林等编著@Fli shang lin deng bian zhu |
| 210 | @a北京@c国防工业出版社@d2004.10 | |
| 215 | @a236页@c图@d26cm | |
| 304 | @a题名页题其余责任者: 王娜, 王晋东, 张明清。 | |
| 320 | @a有书目(第236页)。 | |
| 330 | @a本书第一章介绍了显示器技术的发展及系统结构。第二至第六章对组成CRT显示系统的开关电源,行、场扫描,视频通道,显像管附属电路及控制系统进行了全面、详细地分析,并对节能控制技术,多频扫描跟踪同步技术及行、场扫描线性校正补偿技术等新技术作了重点介绍,每章均给出单元电路及故障分析。第七章介绍了液晶显示器。第八章介绍了显示器维修技术及部分实例。 | |
| 606 | 0 | @a微型计算机@x显示器@x理论 |
| 606 | 0 | @a微型计算机@x显示器@x维修 |
| 690 | @aTP364.1@v4 | |
| 701 | 0 | @a李上林@Ali shang lin@4编著 |
| 701 | 0 | @a王娜@Awang na@4编著 |
| 701 | 0 | @a王晋东@Awang jin dong@4编著 |
| 701 | 0 | @a李上林@Ali shang lin@4编著 |
| 801 | 0 | @aCN@bbQSSK@c20050925 |
| 905 | @a10447@dTP364.1@eL253 | |
| 显示器原理与维修/李上林等编著.-北京:国防工业出版社,2004.10 |
| 236页:图;26cm |
| ISBN 7-118-03599-8:CNY25.00 |
| 本书第一章介绍了显示器技术的发展及系统结构。第二至第六章对组成CRT显示系统的开关电源,行、场扫描,视频通道,显像管附属电路及控制系统进行了全面、详细地分析,并对节能控制技术,多频扫描跟踪同步技术及行、场扫描线性校正补偿技术等新技术作了重点介绍,每章均给出单元电路及故障分析。第七章介绍了液晶显示器。第八章介绍了显示器维修技术及部分实例。 |
| ● |
| 相关链接 |
|
|
|
正题名:显示器原理与维修
索取号:TP364.1/L253
 
预约/预借
| 序号 | 登录号 | 条形码 | 馆藏地/架位号 | 状态 | 备注 |
| 1 | 570953 | 205709535 | 自科库301/301自科库 62排4列1层/ [索取号:TP364.1/L253] | 在馆 | |
| 2 | 570954 | 205709544 | 自科二线404/301自科库 57排2列2层/ [索取号:TP364.1/L253] | 在馆 | |
| 3 | 570955 | 205709553 | 自科库301/301自科库 62排4列1层/ [索取号:TP364.1/L253] | 在馆 |